NOPLP Révisions - L'aigle noir - Statistiques

Statistiques générales
  • Ce quiz a été pris 15 fois
  • Le résultat moyen est 13 sur 77
Statistiques - réponses
Réponse % Correct
Un beau jour
100%
Ou peut-être une nuit
93%
Près d'un lac
86%
Quand soudain
79%
Semblant crever le ciel
64%
Et venant de nulle part
57%
Je m'étais endormie
57%
Surgit un aigle noir
57%
Lentement
50%
Lentement
43%
Les ailes déployées
43%
Il avait
36%
Je le vis tournoyer
36%
Dans un bruissement d'ailes
29%
Les yeux couleur rubis
29%
L'oiseau vint se poser
29%
Près de moi
29%
Comme tombé du ciel
21%
De son bec il a touché ma joue
21%
Et des plumes
21%
À son front
14%
Brillant de mille feux
14%
C'est alors que je l'ai reconnu
14%
Comme avant dans mes rêves d'enfant
14%
Comme avant dans mes rêves d'enfant
14%
Couleur de la nuit
14%
Dans ma main il a glissé son cou
14%
Des étoiles des étoiles
14%
Portait un diamant bleu
14%
Comme avant allumer le soleil
7%
Comme avant sur un nuage blanc
7%
Dis l'oiseau ô dis emmène-moi
7%
Et faire des merveilles
7%
Être faiseur de pluie
7%
Et venant de nulle part
7%
Il m'était revenu
7%
Je m'étais endormie
7%
L'aigle noir dans un bruissement d'ailes
7%
L'oiseau-roi couronné
7%
Ou peut-être une nuit
7%
Pour cueillir en tremblant
7%
Près d'un lac
7%
Prit son vol pour regagner le ciel
7%
Quand soudain
7%
Retournons au pays d'autrefois
7%
Semblant crever le ciel
7%
Surgissant du passé
7%
Surgit un aigle noir
7%
Un beau jour
7%
Endormie
0%
Endormie
0%
Endormie
0%
Et venant de nulle part
0%
Il surgit l'aigle noir
0%
Il surgit l'aigle noir
0%
Il venait de nulle part
0%
Il venait de nulle part
0%
Je m'étais endormie
0%
Ou était-ce une nuit
0%
Près d'un lac
0%
Près d'un lac
0%
Près d'un lac
0%
Près d'un lac
0%
Quand soudain
0%
Quand soudain
0%
Quand soudain
0%
Semblant crever le ciel
0%
Surgissant de nulle part
0%
Surgit un aigle noir
0%
Surgit un aigle noir
0%
Un beau jour
0%
Un beau jour
0%
Un beau jour
0%
Un beau jour
0%
Une nuit
0%
Une nuit
0%
Une nuit
0%
Aucun quiz correspondant
Distribution des résultats
% des personnes avec chaque résultat
Percentile par nombre de réponses
Votre historique - résultats
Vous n’avez pas pris ce quiz